Ako sa vyvolávajú duchovia Náš fejtón

Bibliographic Details
Main Authors: Vaňová, Dagmar (Author), Váňová, Dagmar (Author)
Format: Article
Language:Slovak
Subjects:

MARC

LEADER 00000nab a2200000 a 4500
001 vtls000084348
003 SK-MaSNL
005 20260303032029.0
008 111103c1981 xo 0 slo
015 |a SNBRB19rr/mm-uuuuu 
035 |a CL0094450 
040 |a SNKBUCL  |b slo  |c SNKBUCL  |e AACR2 
041 0 |a slo 
044 |a xo  |c SK 
080 |a 885.4-3(087.5)  |2 1981 
100 1 |a Vaňová, Dagmar  |4 aut  |9 1014576 
245 1 0 |a Ako sa vyvolávajú duchovia  |b Náš fejtón  |c Dagmar Vaňová ; Dagmar Váňová 
650 0 7 |a fejtóny humoristické  |2 snkbucl  |9 900451 
650 0 7 |a literatúra pre deti a mládež  |2 snkbucl  |9 21893 
655 7 |a články z novín a časopisov  |2 snkbucl  |9 267496 
655 7 |a články z odboru literárna veda a krásna literatúra  |2 snkbucl  |9 770045 
700 1 |a Váňová, Dagmar  |4 aut  |9 1014577 
773 0 |t Kamarát  |g Roč. 13, č. 28 (1981), s. 3 
850 |a Slovenská národná knižnica v Martine  |a MTA001 
852 |a SNK  |b KIS3GCP 
958 |a RK 
958 |a LX 
992 |a RBX 
999 |c 1661815  |d 1663745